The Kite Runner Multiple Choice - Statistics

General Stats
  • This quiz has been taken 56 times
  • The average score is 11 of 15
Answer Stats
Question Answer % Correct
It turns out that Amir is actually this relation to Hassan Half-Brother
89%
What ultimately leads to Baba's death? Cancer as a result of habitual smoking
86%
What does Amir witness as a child that torments him well into adulthood? Hassan being raped by bullies
86%
Amir was born and raised primarily in this city Kabul
82%
Why does Amir, as an adult, end up going back to Afghanistan? To rescue Hassan's orphaned child, Sohrab
79%
True or False? The events in Afghanistan made Amir so disgusted in his country that when he got to America, he did whatever he could to shed his culture and leave it behind, going as far as taking an American wife and denouncing Islam False
75%
True or False? Amir was always bigger and tougher than Hassan and ultimately was the one that often had to get him out of trouble False
75%
What type of tree could be found at the top of the hill that Amir and Hassan would frequent as kids to read and play? Pomegranate
75%
What talent did Hassan have that he was able to effortlessly do better than anyone? Track down falling kites
75%
What country invaded Afghanistan in the late 1970s, changing life there for good? USSR
75%
What career path did Amir choose while in America? Writer
75%
What present did Assef present to Amir for his 13th birthday? A copy of Mein Kampf
71%
Why was Sohrab rushed to the hospital towards the end of the book? Attempted suicide
68%
What American city did Amir and Baba move to as a result of their flight from Afghanistan? San Francisco
64%
How did Amir meet his wife? They had nearby vendor tents at the market they sold goods at
64%
No matching quizzes found
Score Distribution
Percent of People with Each Score
Percentile by Number Answered
Your Score History
You have not taken this quiz